Carregant...

Vogel`s textbook of quantitative chemical analysis /

Dades bibliogràfiques
Autor principal: Mendham, J .
Altres autors: Barnes, J D ., Denney, R C ., Thomas, M J K .
Format: Printed Book
Idioma:English
Publicat: New Delhi : Pearson Education , 2004.
Matèries:
LEADER 00684cam a2200193ua 4500
008 081006s2004 g b000 u eng u
020 |a 81-7808-538-0 
082 1 4 |a 545 P5 
100 1 |a Mendham, J . 
245 0 0 |a Vogel`s textbook of quantitative chemical analysis /   |h Textual Documents 
260 |a New Delhi : Pearson Education ,   |c 2004. 
300 |a  ;  
650 0 |a Chromatography, Gravimetry, Spectroscopy, Sampling 
700 1 |a Barnes, J D . 
700 1 |a Denney, R C . 
700 1 |a Thomas, M J K . 
942 |c BK 
999 |c 106227  |d 106227 
952 |0 0  |1 0  |4 0  |6 545_000000000000000_P5  |7 0  |9 100943  |a SCS  |b SCS  |d 2014-06-26  |l 1  |o 545 P5  |p SCS02906   |r 2015-12-01  |s 2015-09-04  |w 2014-06-26  |y BK